Myslenie Andreja Siráckeho v kontexte spoločenského diania v 50. a 60. rokoch 20. storočia

Analýza myslenia Andreja Sirackého v období 50. a 60 rokov.

Salvato in:
Dettagli Bibliografici
Autore principale: Sivičeková, Jana
Natura: Capitolo di libro
Lingua:slovacco
Soggetti:
Tags: Aggiungi Tag
Nessun Tag, puoi essere il primo ad aggiungerne!!

MARC

LEADER 00000naa a2200000 4500
001 0227560
005 20221019162734.2
041 0 |a slo 
044 |a SK 
245 1 0 |a Myslenie Andreja Siráckeho v kontexte spoločenského diania v 50. a 60. rokoch 20. storočia  |c Jana Sivičeková 
520 |a Analýza myslenia Andreja Sirackého v období 50. a 60 rokov. 
610 2 0 |a filozofia 
610 2 0 |a dejiny filozofie 
610 2 0 |a Sirácky, A. 
100 1 |a Sivičeková, Jana